000 00692nam a2200229 a 4500
999 _c12104
_d12104
001 12104
003 BD-JhCC
005 20210315102114.0
008 171003s1201 b a|||| ||a| 000 0 ben d
020 _a9789849338796
035 _a(BD-JhCC) 12104
040 _aBD-JhCC
_dBD-JhCC
041 _aben
082 _a891.4
_bBHA 2019
100 _aভট্টাচার্য,পিনাকী
245 _aওয়েদার মেকার /
_cপিনাকী ভট্টাচার্য।
260 _aঢাকা:
_bসূচীপত্র;
_c২০১৯.
300 _a53 p. :
_c22 cm
650 _aBengali Science Fiction
942 _2ddc
_cBK
_012